00434nam a2200181 a 4500001001300000003000900013005001700022008004100039020002300080082001300103100001800116245002500134260002500159300001000184500003500194505001000229650001300239nice12345678IN_TiNIC20260116015340.0150305s2008 dela grp 000 0 eng  a9788184580617c12500a230bCOR aCorwin, Chuck aTheology for Dummies aDelhi bISPCK c2008 a145p  aincludes index and biblioraphy2 aIntex aTheology